000 01511nam a2200457 c 4500
001 02750
003 DO-SdBPM
005 20250804141935.0
007 ta
008 151021s2008 mx a | |||| 000 0 spa
015 _a
017 _a
_b
020 _a 9789701067109
035 _a
040 _aDO-SdBPM
_bspa
_cBPMSU
_erda
080 _a
082 4 _a658.8
_bJ19d 2008
_2 22
100 1 _a Jacques Lambin, Jean
_eautor
_4
240 _aMarket-driven management : strategic and operational marketing.
245 1 0 _aDirección de marketing :
_bgestión estratégica y operativa del mercado /
_cJean Jacques Lambin, Carlo Gallucci, Carlos Sicurello.
250 _a2ª ed.
264 _aMéxico D.F. :
_bMcGraw Hill,
_c2008.
300 _a xxii, 596 págianas :
_b ilustraciones ;
_c27 cm
336 _aTexto
_btxt
_2isbdcontent
337 _asin mediación
_bn
_2rdamedia
338 _avolumen
_bnc
_2rdacarrier
500 _aIncluye bibliografía e índice.
504 _a
590 _aInventariado, 2025/VM
650 7 _aAdministración de mercadeo.
650 7 _aComportamiento del consumidor.
650 7 _aPlanificación del mercadeo.
650 7 _aCanales de comercialización.
650 7 _aCampañas publicitarias.
650 7 _aAnálisis de mercadeo.
700 1 _aGallucci, Carlo M.
_eautor
_4
700 1 _aSicurello, Carlos.
_eautor
700 1 _aMares Chacón, Jesús,
_eeditor
910 _aVMateo V. Control de calidad. BPMSU
942 _2ddc
_cBK
999 _c10256
_d10256